| 000 | 00812nam a2200193 a 4500 | ||
|---|---|---|---|
| 999 |
_c20161 _d20161 |
||
| 005 | 20180420121032.0 | ||
| 008 | 180420s201 ck d||||rt||| 00| 0 spa d | ||
| 040 |
_aCO-BoIAVH _cCO-BoIAVH |
||
| 041 | 0 | _aspa | |
| 044 | _ack | ||
| 082 | 0 | 4 |
_a307.116 _bF72r |
| 245 |
_aForos regionales RAPE-CIDER : _bMemorias 2015 |
||
| 260 |
_aBogotá (Colombia) : _bRegión Central RAPE, _c2015. |
||
| 300 |
_a119 páginas : _bgráficas a color ; _c23 x 16 cm. |
||
| 650 | 2 | 6 |
_aCiudades _xurbanismo _xPlaneación _zRegión Andina (Colombia) _vCongresos, conferencias, etc. |
| 650 | 2 | 6 |
_aProtección ambiental _xPlaneación _zRegión Andina (Colombia) _vCongresos, conferencias, etc. |
| 650 | 2 | 6 |
_aMedio ambiente _xSostenibilidad _zRegión Andina (Colombia) _vCongresos, conferencias, etc. |
| 942 |
_2ddc _cLIBRO |
||